| 000 | 00791nam a22001937a 4500 | ||
|---|---|---|---|
| 003 | OSt | ||
| 005 | 20260302201821.0 | ||
| 008 | 260302b |||||||| |||| 00| 0 eng d | ||
| 040 | _c0 | ||
| 082 | _2DPer 155.205 J826 January-February 2021 v. 120 n. 1-2 | ||
| 100 |
_aLevine, Emma _eauthor. _969905 |
||
| 245 |
_a"I' m Just Being Honest." When and Why Honesty Enables Help Versus Harm / _cEmma Levine and David Munguia Gomez. |
||
| 260 |
_aWashington ; _bAmerican Psychological Association , _cJanuary 2021. |
||
| 300 |
_aVolume 120, pages 33-56 : _billustration ; _c28 cm. |
||
| 500 | _aJournal of Personality and Social Psychology, vol. 120, no. 1, pages 33-56, January 2021. | ||
| 700 |
_aLevine, Emma _eauthor. _969905 |
||
| 700 |
_aGomez, David Munguia _eauthor. _969906 |
||
| 942 |
_2ddc _cPER |
||
| 999 |
_c24393 _d24393 |
||